| 000 | 00348nam a22001577a 4500 | ||
|---|---|---|---|
| 003 | SGT | ||
| 020 | _a9789380578828 | ||
| 082 |
_a658.3 _bKUM |
||
| 100 | _aKUMAR, RAJ | ||
| 245 | _aHUMAN RESOURCE MANAGEMENT | ||
| 250 | _a1ST | ||
| 260 |
_aINDIA _bIK PUB.HOUSE _c2012 |
||
| 300 | _a472 | ||
| 650 | _aHUMAN RESOURCE MANAGEMENT | ||
| 942 |
_2ddc _cBK |
||
| 999 |
_c29409 _d29409 |
||